La categoría VI de la UICN en América Latina: área protegida para el manejo de recursos

Guardat en:
Dades bibliogràfiques
Autors principals: Ponce del Prado, Carlos (Autor), Curonisy Velarde, Yanitza (Autor)
Format: Llibre
Idioma:espanyol
Publicat: Santiago Organización de las Naciones Unidas para la Agricultura y la Alimentación 2008
Santiago Organismo Autónomo Parques Nacionales 2008
Santiago Ministerio de Medio Ambiente y Medio Rural y Marino de España 2008
Matèries:
Etiquetes: Afegir etiqueta
Sense etiquetes, Sigues el primer a etiquetar aquest registre!

MARC

LEADER 00000nam a2200000 a 4500
001 UCG5379
003 CL-VaPUC
008 110303e20080000cl |||||||||||||||||spa|d
020 |a 9789251061983 
082 0 4 |a 344.046  |b PON  |2 21 
100 0 |a Ponce del Prado, Carlos  |e author  |9 555034 
700 0 |a Curonisy Velarde, Yanitza  |e author  |9 555035 
245 1 3 |a La categoría VI de la UICN en América Latina: área protegida para el manejo de recursos 
300 |a 52 p 
942 |c BK 
945 |d 20110303 00:00:00  |a dcastane 
260 |a Santiago  |b Organización de las Naciones Unidas para la Agricultura y la Alimentación  |c 2008 
260 |a Santiago  |b Organismo Autónomo Parques Nacionales  |c 2008 
260 |a Santiago  |b Ministerio de Medio Ambiente y Medio Rural y Marino de España  |c 2008 
650 7 |a LEGISLACION AMBIENTAL  |2 CL-VaPUC  |9 555036 
650 0 |a Medio ambiente  |9 257625 
650 0 |a Protección del medio ambiente  |9 257626 
650 0 |a Conservación del medio ambiente  |9 340695 
583 |a last modification  |c 20171130 05:18:31  |k Rodrigo Vera 
999 |c 343907  |d 343905 
952 |0 0  |1 0  |4 0  |6 344_046000000000000_PON_2008_2008_2008  |7 0  |8 A  |9 441610  |a BIBAGR  |b BIBAGR  |d 2019-11-22  |i 4752023  |o 344.046 PON 2008 2008 2008  |p 4752023  |r 2025-01-20  |w 2019-11-22  |y BK  |k AGR